| 000 | 01027cam a2200301 a 4500 | ||
|---|---|---|---|
| 999 |
_c2455 _d2455 |
||
| 001 | 17168936 | ||
| 003 | OSt | ||
| 005 | 20230602094005.0 | ||
| 008 | 120216s2012 nyua j 001 0 eng | ||
| 010 | _a 2012004028 | ||
| 020 | _a9780778775904 (pbk. : alk. paper) | ||
| 040 |
_aDLC _cDLC _dDLC _dKH8 |
||
| 042 | _apcc | ||
| 082 | 0 | 0 |
_a394.26981 ALO _223 |
| 100 | 1 |
_aAloian, Molly. _eaut. |
|
| 245 | 1 | 0 |
_aCultural traditions in Brazil / _cMolly Aloian. |
| 260 |
_aNew York : _bCrabtree Pub., _cc2012. |
||
| 300 |
_a32 p. : _bcol. ill. ; _c29 cm. |
||
| 490 | 0 | _aCultural traditions in my world | |
| 500 | _aIncludes index. | ||
| 500 | _a"Guided reading: O"--P. [4] of cover. | ||
| 650 | 0 |
_aHolidays _zBrazil _vJuvenile literature. |
|
| 650 | 0 |
_aFestivals _zBrazil _vJuvenile literature. |
|
| 651 | 0 |
_aBrazil _xSocial life and customs _vJuvenile literature. |
|
| 906 |
_a7 _bcbc _corignew _d1 _eecip _f20 _gy-gencatlg |
||
| 942 |
_2ddc _cNFIC |
||